| 000 | 00717nam a2200229 a 4500 | ||
|---|---|---|---|
| 001 | BRL_927 | ||
| 005 | 20190320210945.0 | ||
| 008 | 241013s1980----mx-a######---#000-0#spa-# | ||
| 041 | _aspa | ||
| 044 | _amx | ||
| 050 | 4 |
_aF1391.Q4 _b.A38 1980 |
|
| 100 | 1 |
_aAguilar Lara, Antonio Santiago _925346 |
|
| 245 | 1 | 0 |
_aTradición _bEnayo Histórico y Social del Legendario Pueblo de Quetzalan _cAntonio Santiago Aguilar Lara. |
| 260 |
_aPuebla, Pue. _b[s.n.] _c1980 |
||
| 300 |
_a250, iiii p. _bil. _c22 cm. |
||
| 500 | _aAu1033 | ||
| 504 | _aBibliografía: p. i-iiii | ||
| 651 | 4 |
_aQuetzalan (Puebla) _xHistoria _925347 |
|
| 651 | 4 |
_aQuetzalan (Puebla) _xVida social y costumbres _925348 |
|
| 902 | _aGRL | ||
| 942 |
_2lcc _cB |
||
| 999 |
_c9739 _d9739 |
||